=LDR 00000nam 2200000 4500 =001 INLIS000000000016231 =005 20220804104231 =035 ##$$a 0010-061300000016231 =008 220804################g##########0#ind## =041 ##$$a Ind =082 ##$$a 636.089 692 5 =090 ##$$a 636.089 6925, Res P =100 ##$$a Ressang, A.A =245 1#$$a Penyakit viral pada hewan /$c A.A. Ressang =260 ##$$a Jakarta :$b Universita Indonesia Press,$c 1988 =650 #4$$a Binatang-penyakit viral =850 ##$$a NBPNMAT =020 ##$$a 979-8034-10-4 =084 ##$$a 636.089 692 5 RES p =300 ##$$a vii,370 hlm. : $b illus ; $c 20 Cm =990 ##$$a 35.881/pro90 =990 ##$$a 35.882/pro90 =990 ##$$a An00006233 =990 ##$$a 52.961/pro93 =990 ##$$a 35.883/pro-90 =990 ##$$a 0001/BPAP-NTB/2016 =990 ##$$a 21602282/BPAP-NTB/2017 =990 ##$$a 35.882/pro90 =990 ##$$a 35.881/pro90 =990 ##$$a An00006233 =990 ##$$a 52.961/pro93 =990 ##$$a 35.883/pro-90 =990 ##$$a 0001/BPAP-NTB/2016 =990 ##$$a 35.882/pro90 =990 ##$$a 35.881/pro90 =990 ##$$a An00006233 =990 ##$$a 52.961/pro93 =990 ##$$a 35.883/pro-90 =990 ##$$a 0001/BPAP-NTB/2016 =990 ##$$a AN00006234 =990 ##$$a 35.881/pro90 =990 ##$$a 35.882/pro90 =990 ##$$a An00006233 =990 ##$$a 35.883/pro-90 =990 ##$$a 0001/BPAP-NTB/2016